000
00296nam a2200109Ia 4500
008
230907s9999||||xx |||||||||||||| ||und||
082
_a
332.091767
_b
ALR
100
_a
Alrifai, Tariq.
_9
115852
245
0
_a
Islamic finance and the new financial system :
300
_a
xi, 235 pages ;
942
_c
BK
999
_c
599974
_d
599974